| 000 | 00551cam a2200169 4500500 | ||
|---|---|---|---|
| 005 | 20251012031723.0 | ||
| 041 | _afre | ||
| 042 | _adc | ||
| 100 | 1 | 0 |
_aHaye, François _eauthor |
| 700 | 1 | 0 |
_a Martin, Hervé _eauthor |
| 700 | 1 | 0 |
_a Faguer, Nicolas _eauthor |
| 245 | 0 | 0 | _aIn Memoriam |
| 260 | _c2025. | ||
| 500 | _a62 | ||
| 786 | 0 | _nBulletin de l’Amitié Charles Péguy | 183-184 | 3 | 2025-02-21 | p. 451-456 | 0180-8567 | |
| 856 | 4 | 1 | _uhttps://shs.cairn.info/bulletin-de-l-amitie-charles-peguy-2024-3-page-451?lang=fr&redirect-ssocas=7080 |
| 999 |
_c1546324 _d1546324 |
||